Hundred little flames / (Record no. 151667)
[ view plain ]
| 000 -LEADER | |
|---|---|
| fixed length control field | 00584nam a22001937a 4500 |
| 005 - DATE AND TIME OF LATEST TRANSACTION | |
| control field | 20180423120605.0 |
| 010 ## - LCCN (DPL NO) | |
| LC control number | ENG-122771 |
| 020 ## - INTERNATIONAL STANDARD BOOK NUMBER | |
| International Standard Book Number | 9789386850423 |
| Terms of availability | 299.00 |
| 035 ## - SYSTEM CONTROL NUMBER | |
| System control number | EN-106303 |
| 037 ## - SOURCE OF ACQUISITION | |
| Source of stock number/acquisition | DBAD/PUB. |
| 082 ## - DEWEY DECIMAL CLASSIFICATION NUMBER | |
| Classification number | N |
| 100 ## - MAIN ENTRY--PERSONAL NAME | |
| Personal name | Shenoy, Preeti |
| 245 ## - TITLE STATEMENT | |
| Title | Hundred little flames / |
| Statement of responsibility, etc | by Preeti Shenoy |
| 260 ## - PUBLICATION, DISTRIBUTION, ETC. (IMPRINT) | |
| Place of publication, distribution, etc | New Delhi |
| Name of publisher, distributor, etc | Westland Publications Ltd. |
| Date of publication, distribution, etc | 2017 |
| 270 ## - ADDRESS | |
| Address | 93, Ist Floor, Sham Lal Road, Daryaganj, |
| City | New Delhi |
| Postal code | 110002 |
| 300 v# - PHYSICAL DESCRIPTION | |
| Extent | 360p. |
| Dimensions | 20cm.(pbk) |
| Other physical details | ill. |
| 500 ## - GENERAL NOTE | |
| General note | It include Author's note and acknowledgements |
| 942 ## - ADDED ENTRY ELEMENTS (KOHA) | |
| Source of classification or shelving scheme | Dewey Decimal Classification |
| Item type | English Books |
| Call number suffix | SHE |
| Classification part | N |
| Withdrawn status | Lost status | Not for loan | Collection code | Home library | Current library | Date acquired | Source of acquisition | Cost, normal purchase price | Full call number | Barcode | Copy number | Cost, replacement price | Koha item type |
|---|---|---|---|---|---|---|---|---|---|---|---|---|---|
| Not For Loan | Non-fiction | D.B.Act.Division | Patel Nagar | 23/04/2018 | DBAD/PUB | 299.00 | N SHE | EN-106303 | 1 | 299.00 | English Books |
